Pink Floyd - The Wall - Statistics

General Stats
  • This quiz has been taken 411 times
  • The average score is 13 of 26
Answer Stats
Side 1 Answer % Correct
19 Comfortably Numb
86%
3 Another Brick In The Wall Part 1
78%
5 Another Brick In The Wall Part 2
78%
6 Mother
76%
12 Another Brick In The Wall Part 3
66%
14 Hey You
62%
1 In The Flesh?
57%
21 In The Flesh
57%
25 The Trial
55%
7 Goodbye Blue Sky
54%
22 Run Like Hell
53%
17 Vera
52%
2 The Thin Ice
49%
9 Young Lust
49%
26 Outside The Wall
45%
18 Bring The Boys Back Home
42%
15 Is There Anybody Out There?
40%
23 Waiting For The Worms
40%
4 The Happiest Days Of Our Lives
38%
8 Empty Spaces
34%
10 One Of My Turns
34%
24 Stop
33%
13 Goodbye Cruel World
32%
16 Nobody Home
31%
20 The Show Must Go On
29%
11 Don't Leave Me Now
26%
No matching quizzes found
Score Distribution
Percent of People with Each Score
Percentile by Number Answered
Your Score History
You have not taken this quiz